Europas länder (rätt stavning) - Statistics

General Stats
  • This quiz has been taken 59 times
  • The average score is 12 of 50
Answers on the Map
Answers color-coded by a green-red scale on the quiz's map according to % correct below.
 
Answer Stats
Answer % Correct
Island
66%
Island
66%
Italien
52%
Schweiz
42%
Spanien
42%
Irland
40%
Portugal
36%
Andorra
34%
Monaco
34%
Malta
32%
Albanien
30%
Liechtenstein
30%
Polen
28%
Serbien
28%
Belarus
26%
Belgien
26%
Kosovo
26%
San marino
26%
Estland
24%
Kroatien
24%
Lettland
24%
Luxemburg
24%
FInland
22%
Litauen
22%
Rumänien
22%
Bulgarien
20%
Montenegro
18%
Norge
18%
Norge
18%
Danmark
16%
Danmark
16%
Sverige
16%
Sverige
16%
Tyskland
16%
Frankrike
14%
Grekland
14%
Moldavien
14%
Nederländerna
14%
Österrike
14%
Ryssland
14%
Storbritannien
14%
Ukraina
14%
Vatikanstaten
14%
Cypern
12%
Nordmakedonien
12%
Slovakien
12%
Slovenien
12%
Bosnien-hercegovina
10%
Tjeckien
10%
Ungern
10%
No matching quizzes found
Score Distribution
Percent of People with Each Score
Percentile by Number Answered
Your Score History
You have not taken this quiz